00365nam a2200157Ia 4500008004100000020001800041041000800059082001700067100001700084245003500101250001200136260001800148300000800166365001600174700001700190230718s9999 xx 000 0 und d a9788121925556 aeng a621.381bTHE aTheraja B.L. aBasic ElectronicsbSolid State a5th ed. c2014bS.Chand a715 cRs.b595.00 aTheraja B.L.